Loading...

Caught in the revolution: petrograd 1917

"Caught in the Revolution is Helen Rappaport's masterful telling of the outbreak of the Russian Revolution through eye-witness accounts left by foreign nationals who saw the drama unfold. Between the first revolution in February 1917 and Lenin's Bolshevik coup in October, Petrograd (t...

Full description

Bibliographic Details
Main Author: Rappaport, Helen
Format: Printed Book
Published: London Windmill 2017
Subjects:
LEADER 02077cam a22001817i 4500
020 |a 9780099592426 
082 0 4 |a 355.009 47  |b RAP/C 
100 1 |a Rappaport, Helen 
245 1 0 |a Caught in the revolution: petrograd 1917 
260 |a London  |b Windmill  |c 2017 
300 |a xxvi, 430p., 16 unnumbered pages of plates :  |b illustrations, maps ; 
500 |a First published by Hutchinson in 2016; published in the US as "Caught in the revolution : Petrograd, Russia, 1917 -- a world on the edge" by St. Martin's Press, 2017. 
520 1 |a "Caught in the Revolution is Helen Rappaport's masterful telling of the outbreak of the Russian Revolution through eye-witness accounts left by foreign nationals who saw the drama unfold. Between the first revolution in February 1917 and Lenin's Bolshevik coup in October, Petrograd (the former St. Petersburg) was in turmoil--felt nowhere more keenly than on the fashionable Nevsky Prospekt. There, the foreign visitors who filled hotels, clubs, bars and embassies were acutely aware of the chaos breaking out on their doorsteps and beneath their windows. Among this disparate group were journalists, diplomats, businessmen, bankers, governesses, volunteer nurses and expatriate socialites. Many kept diaries and wrote letters home: from an English nurse who had already survived the sinking of the Titanic; to the black valet of the US Ambassador, far from his native Deep South; to suffragette leader Emmeline Pankhurst, who had come to Petrograd to inspect the indomitable Women's Death Battalion led by Maria Bochkareva. Helen Rappaport draws upon this rich trove of material, much of it previously unpublished, to carry us right up to the action--to see, feel and hear the Revolution as it happened to an assortment of individuals who suddenly felt themselves trapped in a 'red madhouse'"-- 
650 0 |a Visitors-Foreign 
650 0 |a War and society 
942 |c BK 
999 |c 44121  |d 44121 
952 |0 0  |1 0  |4 0  |6 355_009000000000000_47_RAPC  |7 0  |8 Stack  |9 48051  |a KUCL  |b KUCL  |c Stack  |d 2017-08-09  |g 599.00  |l 0  |o 355.009 47 RAP/C  |p 44938  |r 2017-08-09  |w 2017-08-09  |y BK